| 000 | 03431nam0a2200445 4500 | ||
|---|---|---|---|
| 001 | RU\NLR\bibl\801171 | ||
| 005 | 20260405175513.0 | ||
| 021 |
_aRU _b2005-2742 _9133 |
||
| 035 | _aRSL-KNO-002566065 | ||
| 035 | _a(NLR Aleph) 000790342 | ||
| 090 |
_a1117707 _c1117707 |
||
| 100 | _a20050207d2004 |||y0rusy50 ca | ||
| 101 | 0 | _arus | |
| 102 | _aRU | ||
| 105 | _aa ||||||||| | ||
| 106 | _ar | ||
| 200 | 1 |
_aПропускная способность и график движения поездов на участках железной дороги _eучеб. пособие _fБ.Е. Алексеев, А.А. Грачев, Г.М. Грошев [ и др.] _gпод ред. к.т.н. Г.М. Грошева _gГос. образоват. учреждение высш. проф. "Петерб. гос. ун-т путей сообщ. М-ва путей сообщ. Рос. Федерации" |
|
| 210 |
_aСПб. _cПетерб. гос. ун-т путей сообщения _d2004 _gТип. ПГУПС |
||
| 215 |
_a66 с. _cил., схем. _d20 |
||
| 320 | _aБиблиогр.: с. 57 (15 назв.) | ||
| 606 | 1 |
_aЖелезные дороги _jРуководства, пособия и т.п. для высшей школы _xДвижение поездов _xГрафики _9892463 _3RU\NLR\auth\66323064 |
|
| 606 | 1 |
_aЖелезные дороги _jУчебные издания для высших учебных заведений _xДвижение поездов _xГрафики _9892463 _3RU\NLR\auth\66323064 |
|
| 606 | 1 |
_aЖелезные дороги _jРуководства, пособия и т.п. для высшей школы _xПропускная способность _91029053 _3RU\NLR\auth\66394363 |
|
| 606 | 1 |
_aЖелезные дороги _jУчебные издания для высших учебных заведений _xПропускная способность _91029053 _3RU\NLR\auth\66394363 |
|
| 610 | 0 | _aТранспорт -- Железнодорожный транспорт -- Железнодорожные перевозки -- Организация движения поездов -- Графики движения поездов -- Учебник для высшей школы | |
| 610 | 0 | _aТранспорт -- Железнодорожный транспорт -- Железнодорожные перевозки -- Организация движения поездов -- Пропускная и провозная способность железных дорог -- Учебник для высшей школы | |
| 686 |
_aО280.231я73-1 _2rubbk |
||
| 686 |
_aО280.24я73-1 _2rubbk |
||
| 686 | _aО280.231я73-1 | ||
| 701 | 1 |
_4070 _7ca _8rus _aАлексеев _bБ. Е. _cпреподаватель, ж.-д. транспорт _gБорис Евгеньевич _9247314 _3RU\NLR\AUTH\770247370 |
|
| 701 | 1 |
_4070 _7ca _8rus _aГрачев _bА. А. _cканд. техн. наук _gАндрей Александрович _3RU\NLR\auth\7776566 _959494 |
|
| 701 | 1 |
_4070 _8rus _7ca _aГрошев _bГ. М. _gГеннадий Максимович _3RU\NLR\auth\7740499 _923451 |
|
| 702 | 1 |
_4340 _8rus _7ca _aГрошев _bГ. М. _gГеннадий Максимович _3RU\NLR\auth\7740499 _923451 |
|
| 801 | 0 |
_aRU _bRuMoRKP _c20050207 _grcr |
|
| 801 | 1 |
_aRU _bRuMoRGB _c20050207 |
|
| 801 | 2 |
_aRU _bNLR _c20050519 _gPSBO |
|
| 942 | _cBOOK | ||
| 980 | _aNB | ||